000 00338nam a2200121Ia 4500
008 200619s9999 xx 000 0 und d
020 _a9800000000000
100 _aSennett Richard
245 0 _aRespect in a World of Inequality
264 _bWW. Norton & Company
942 _cIR
999 _c120294
_d120294